LEADER 01131nam a2200253 i 4500 001 000000213426 003 CaOOAMICUS 005 20120522000000.0 008 120522s1927 it u000 u fre u 013 $a192281 040 $aSeMil$bita 100 1 $aRiemann, Othon,$d<1853-1891>.$0(OLS)http://semarc/name/12153 245 10$aSyntaxe latine, d'après les principes de la grammaire historique /$cpar O. Riemann. 250 $a7. éd. revue. 260 $aParis :$bKlincksieck,$c1927. 300 $aXVI, 697 p. ;$c18 cm. 490 0 $aNouvelle collection a l'usage des classes ;$v9. 650 4$aLingua latina - Sintassi.$0(OLS)http://semarc/subject/3273 700 1 $aErnout, Alfred,$d<1879-1973>.$0(OLS)http://semarc/name/9063 830 0$aNouvelle collection a l'usage des classes ;$v9.$0(OLS)http://semarc/title/17380 850 $aSeMil 852 $aSeMil$W1$xVenegono$y1$m1Z III 207 FA$j163856$B163856$CSeMilBibl$Z2$F174920 $8I 996 $6245$aSyntaxe latine, d'après les principes de la grammaire historique$9(OLS)http://semarc/title/307684 996 $6260$aParis :$bKlincksieck$9(OLS)http://semarc/publisher/30120 LEADER 00621nam a2200193 i 4500 001 000000123557 003 CaOOAMICUS 005 20040227000000.0 008 040227n it u000 u ita u 013 $a96253 040 $aSeMil$bita 245 10$aP-Z. 300 $aP. 2192-3420. 500 $aIn cofanetto. 773 0 $tDizionario della Letteratura Mondiale del 900.$dRoma : Paoline, 1980.$z88-215-0194-9$w()11108 850 $aSeMil 852 $aSeMil$W1$xVenegono$y1$mSL1.D VII 3$j78251$B78251$CSeMilBibl$Z2$F80722 $8I 961 $aLascito: Bidoglio don Maurizio 996 $6245$aP-Z$9(OLS)http://semarc/title/131106 LEADER 01183nam a2200265 i 4500 001 000000244198 003 CaOOAMICUS 005 20260130094345.0 008 150819s1977 it u000 u ita u 013 $a223103 040 $aSeMil$bita 100 1 $aNietzsche, Friedrich,$d<1844-1900>.$0(OLS)http://semarc/name/1250 245 13$aLa mia vita :$bscritti autobiografici 1856-1869 /$cFriedrich Nietzsche ; nota introduttiva di Mazzino Montinari ; versione di Mario Carpitella. 260 $aMilano :$bAdelphi,$c1977. 300 $a187 p. ;$c18 cm. 490 0 $aPiccola Biblioteca Adelphi ;$v46 700 1 $aCarpitella, Mario,$d<1930-2008>.$0(OLS)http://semarc/name/726 700 1 $aMontinari, Mazzino,$d<1928-1986>.$0(OLS)http://semarc/name/1251 830 0$aPiccola biblioteca Adelphi ;$v46.$0(OLS)http://semarc/title/7074 850 $aSeMil 852 $aSeMil$W1$xVenegono$y1$m2P I 722$j194544$B194544$CSeMilBibl$Z2$F205863 $81 961 $aOmaggio: Martinelli don Romano 996 $6245$aLa mia vita :$bscritti autobiografici 1856-1869$9(OLS)http://semarc/title/346169 996 $6260$aMilano :$bAdelphi$9(OLS)http://semarc/publisher/30018